00878nam a22002297a 4500008004100000020001500041020001800056050002100074100002100095245008300116250001200199260006300211300002400274500003700298650003600335650003600371650003500407700002200442942003500464999001700499952013200516160921b xxu||||| |||| 00| 0 eng d a0136245609 a9780136245605 aLA 21b.O95 1990 aOzmon, Howard A. aPhilosophical foundations of education/cHoward A. Ozmon and Samuel M. Craver. a6th ed. aNew Jersey (Upper Saddle River) :bPrintice Hall ;cc1990. axii, 404p. :c23cm. aIncludes bibliography and index. aEducationxphilosophyyhistory. aEducationxaims and objectives. aEducationxstudy and teaching. aCraver, Samuel M. 2lcccBOOKShLA 21 .O95 199003 c13978d13978 00102lcc4070aMUCbMUCcGENd2016-09-21eDonation(BFA)l3oLA 21 .O95 1990p24103r2018-12-11s2018-11-27w2016-09-21yBOOKS